Staaten ohne Nachbarländer - Statistiken

Allgemein
  • Dieses Quiz wurde 115 mal gespielt
    103 seit der letzten Aktualisierung
  • Das Durchschnittsergebnis liegt bei 33 aus 40
Antwortstatistiken
Antwort % Korrekt
Australien
94%
Bahamas
94%
Zypern
94%
Island
93%
Japan
93%
Madagaskar
93%
Neuseeland
93%
Malta
91%
Jamaika
90%
Kap Verde
90%
Kuba
90%
St. Lucia
89%
Malediven
87%
Seychellen
87%
Sri Lanka
87%
St. Vincent und die Grenadinen
87%
Antigua und Barbuda
86%
Barbados
86%
Mauritius
85%
Trinidad und Tobago
84%
Komoren
83%
Tuvalu
83%
Grenada
82%
Philippinen
82%
St. Kitts und Nevis
82%
Fidschi
80%
Nauru
80%
Tonga
80%
Palau
79%
Samoa
79%
Kiribati
78%
Vanuatu
78%
Marshallinseln
77%
Mikronesien
77%
São Tomé und Príncipe
77%
Taiwan
74%
Salomonen
72%
Dominica
71%
Bahrain
61%
Singapur
51%
Keine übereinstimmenden Quizze gefunden
Verteilung der Resultate
Anzahl Personen mit jedem Resultat
Perzentil nach korrekt beantworteten Fragen
Ihre Resultats-Entwicklung
Sie haben dieses Quiz seit der letzten Aktualisierung nicht gespielt